[Event "Sterkrade 2- Datteln"]
[Site "?"]
[Date "2023.02.26"]
[Round "5.1"]
[White "Buchholz, Peter"]
[Black "Kantor, Nikita"]
[Result "1-0"]
[WhiteElo "2029"]
[BlackElo "1842"]
[PlyCount "67"]
[SourceDate "2022.10.02"]

1. e4 c6 2. d4 d5 3. e5 Bf5 4. h4 h5 5. Bd3 Bxd3 6. Qxd3 Qa5+ 7. Bd2 Qa6 8.
Qxa6 Nxa6 9. Ne2 e6 10. Nbc3 Ne7 11. O-O-O c5 12. Nb5 Nc6 13. c3 cxd4 14. cxd4
Kd7 15. Bg5 Nab4 16. a3 Na6 17. f3 Rc8 18. Kb1 Nc7 19. Nbc3 b5 20. g4 b4 21.
axb4 Bxb4 22. Ng3 Bxc3 23. bxc3 Nb5 24. Ne2 Na5 25. Kc2 Nc4 26. Ra1 Rb8 27. Bc1
Rhc8 28. gxh5 Rh8 29. Rg1 Rbg8 30. Nf4 f6 31. exf6 gxf6 32. Rxg8 Rxg8 33. h6
Ke8 34. Ng6 1-0

[Event "Sterkrade 2- Datteln"]
[Site "?"]
[Date "2023.02.26"]
[Round "5.2"]
[White "Labuda, Markus"]
[Black "Becker, Peter"]
[Result "1-0"]
[WhiteElo "2105"]
[BlackElo "1810"]
[PlyCount "83"]
[SourceDate "2022.10.02"]

1. d4 Nf6 2. Bf4 d6 3. e3 Nbd7 4. Nf3 Nh5 5. Bg5 h6 6. Bh4 g5 7. Nfd2 Nhf6 8.
Bg3 e5 9. c3 Bg7 10. Be2 Qe7 11. a4 Nf8 12. Na3 Ng6 13. Qb3 c6 14. Nac4 Nd7 15.
Ne4 d5 16. Ned6+ Kf8 17. Nxc8 Rxc8 18. Qxb7 Re8 19. Qxc6 dxc4 20. Bxc4 Nb6 21.
Ba6 Rd8 22. O-O h5 23. a5 Nd5 24. Bc4 Nf6 25. Rfd1 Kg8 26. dxe5 Rxd1+ 27. Rxd1
Nxe5 28. Bxe5 Qxe5 29. Qa8+ Bf8 30. Qxa7 Rh7 31. Qd4 Qe7 32. a6 Qc7 33. a7 Ng4
34. a8=Q Qxh2+ 35. Kf1 Qh4 36. Rd2 Qh1+ 37. Ke2 Qg1 38. Kd3 Nxf2+ 39. Kc2 Ng4
40. Qxf8+ Kxf8 41. Qd8+ Kg7 42. Qxg5+ 1-0

[Event "Sterkrade 2- Datteln"]
[Site "?"]
[Date "2023.02.26"]
[Round "5.3"]
[White "Madalinski, Jaroslaw"]
[Black "Altenburg, Frank"]
[Result "0-1"]
[WhiteElo "1813"]
[BlackElo "1843"]
[PlyCount "160"]
[SourceDate "2022.10.02"]

1. c4 c6 2. Nc3 d5 3. cxd5 cxd5 4. d4 Nf6 5. Bf4 Nc6 6. e3 Bf5 7. Bd3 Bxd3 8.
Qxd3 e6 9. Nf3 Rc8 10. O-O h6 11. h3 Bd6 12. Ne5 O-O 13. Bh2 Qe7 14. a3 a6 15.
b4 Qc7 16. Rac1 Nxe5 17. dxe5 Bxe5 18. Bxe5 Qxe5 19. Na4 Nd7 20. b5 Qd6 21.
bxa6 bxa6 22. Rfd1 Rc6 23. Rxc6 Qxc6 24. Qd4 Rc8 25. e4 Nf6 26. exd5 Nxd5 27.
Rd3 Qc1+ 28. Rd1 Qxa3 29. Nb2 Qc3 30. Qxc3 Rxc3 31. Ra1 Nb4 32. Ra4 Rb3 33. Nc4
Rb1+ 34. Kh2 Nd3 35. Kg3 Rb4 36. Rxb4 Nxb4 37. Kf3 Nc6 38. Ke4 f5+ 39. Ke3 e5
40. Nd6 g6 41. g4 fxg4 42. hxg4 a5 43. Ke4 Nb4 44. Kxe5 a4 45. Nb5 Nc2 46. Nc3
a3 47. Kf6 Kh7 48. Na2 g5 49. Ke5 Kg6 50. f4 gxf4 51. Kxf4 Kf6 52. Kg3 Kg5 53.
Kf3 Nd4+ 54. Kg3 Nc6 55. Kh3 Ne5 56. Nc3 Nxg4 57. Ne4+ Kf4 58. Nc3 Nf6 59. Kh4
Ke3 60. Na2 Kd2 61. Kg3 Kc2 62. Kf4 Kb2 63. Nb4 Kb3 64. Nd3 a2 65. Nc1+ Ka3 66.
Nxa2 Kxa2 67. Kf5 h5 68. Kg5 Kb3 69. Kf4 Kc4 70. Kf3 Kd5 71. Kf4 Ke6 72. Kg5
Ke5 73. Kh4 Kf4 74. Kh3 Kf3 75. Kh2 Kg4 76. Kg2 h4 77. Kh2 h3 78. Kg1 Kg3 79.
Kh1 Ne4 80. Kg1 h2+ 0-1

[Event "Sterkrade 2- Datteln"]
[Site "?"]
[Date "2023.02.26"]
[Round "5.4"]
[White "Matthies, Jochen"]
[Black "Boxberg, Olaf"]
[Result "1-0"]
[WhiteElo "1970"]
[BlackElo "1765"]
[PlyCount "49"]
[SourceDate "2022.10.02"]

1. d4 Nf6 2. Nf3 d6 3. e3 Nbd7 4. Nbd2 e5 5. Bd3 c6 6. b3 Qc7 7. Bb2 Be7 8. O-O
O-O 9. e4 Re8 10. h3 Bf8 11. dxe5 dxe5 12. Nc4 b5 13. Ncd2 Bb7 14. Qe2 Rad8 15.
Rfd1 Bc5 16. c4 b4 17. g4 Qb6 18. Nf1 Kh8 19. Ng3 Bd4 20. Bxd4 exd4 21. e5 Ng8
22. Ng5 Nh6 23. Qe4 f5 24. Nxf5 Rxe5 25. Nxh6 1-0

[Event "Sterkrade 2- Datteln"]
[Site "?"]
[Date "2023.02.26"]
[Round "5.5"]
[White "Bialas, Jan"]
[Black "Broß, Horst"]
[Result "1-0"]
[WhiteElo "1739"]
[BlackElo "1801"]
[PlyCount "63"]
[SourceDate "2022.10.02"]

1. d4 d5 2. Bf4 Nf6 3. Nf3 c5 4. e3 Qb6 5. Na3 c4 6. Qc1 Bf5 7. Be2 e6 8. Nb1
Be7 9. h3 Nbd7 10. Nh4 Bg6 11. Nxg6 hxg6 12. Nd2 Qc6 13. c3 O-O 14. Nf3 Bd6 15.
Bxd6 Qxd6 16. Qc2 b5 17. O-O a5 18. Ng5 Rfc8 19. h4 Nf8 20. f4 Nh5 21. Kh2 f5
22. Qd1 Nf6 23. h5 gxh5 24. Bxh5 Nxh5 25. Qxh5 g6 26. Qh4 Ra7 27. Rh1 Qe7 28.
Kg3 Nh7 29. Qh6 Rcc7 30. Qxg6+ Qg7 31. Qxe6+ Kh8 32. Rxh7+ 1-0

[Event "Sterkrade 2- Datteln"]
[Site "?"]
[Date "2023.02.26"]
[Round "5.6"]
[White "Spoden, Kurt"]
[Black "Heiduk, Christopher"]
[Result "1/2-1/2"]
[WhiteElo "1890"]
[BlackElo "1500"]
[PlyCount "151"]
[SourceDate "2022.10.02"]

1. c4 b6 2. Nc3 Bb7 3. d4 e6 4. a3 d5 5. cxd5 exd5 6. g3 Nf6 7. Bg2 Be7 8. Nf3
O-O 9. O-O c5 10. Ne5 Nc6 11. Nxc6 Bxc6 12. Bg5 Rc8 13. Bh3 Rc7 14. Bf4 Bd6 15.
Bg5 Be7 16. Bf4 Bd6 17. Bg5 Be7 18. dxc5 bxc5 19. Bf4 Bd6 20. e3 Bxf4 21. gxf4
Re8 22. Qd3 d4 23. Rad1 Qb8 24. exd4 cxd4 25. Qxd4 Qxb2 26. Qc5 Qc2 27. Bf5 Bb5
28. Qxb5 Qxc3 29. Rd6 Rce7 30. Rd3 Qc7 31. Qb4 g6 32. Rd6 Ne4 33. Bxe4 Rxe4 34.
Qd2 Qc8 35. Rd4 Qg4+ 36. Kh1 Qf3+ 37. Kg1 Re2 38. Qd3 Qxd3 39. Rxd3 R2e4 40.
Rf3 a5 41. Kg2 a4 42. Rb1 Kg7 43. Kg3 f5 44. Rc3 Kf6 45. Rc7 R8e7 46. Rb6+ R4e6
47. Rxe6+ Kxe6 48. Rc6+ Kd5 49. Ra6 Re4 50. Ra7 Rc4 51. f3 h5 52. Rd7+ Ke6 53.
Ra7 h4+ 54. Kxh4 Rxf4+ 55. Kg5 Rxf3 56. Rxa4 Rf2 57. Ra6+ Ke5 58. Ra5+ Ke6 59.
Ra6+ Ke5 60. Ra5+ Ke4 61. Ra4+ Ke3 62. Kxg6 f4 63. h4 f3 64. Kf5 Rg2 65. Re4+
Kd2 66. h5 f2 67. Rf4 Ke2 68. h6 f1=Q 69. Rxf1 Kxf1 70. h7 Rh2 71. Kg6 Ke2 72.
a4 Kd3 73. a5 Rg2+ 74. Kf7 Rf2+ 75. Kg8 Rg2+ 76. Kf7 1/2-1/2

[Event "Sterkrade 2- Datteln"]
[Site "?"]
[Date "2023.02.26"]
[Round "5.7"]
[White "Aust, Karlheinz"]
[Black "Wachsmuth, Guenther"]
[Result "1/2-1/2"]
[WhiteElo "1560"]
[BlackElo "1655"]
[Annotator "daniel"]
[PlyCount "43"]
[SourceDate "2022.10.02"]

1. e4 c5 2. Nf3 Nc6 3. c3 e6 4. d4 d5 5. Nbd2 cxd4 6. Nxd4 Nxd4 7. cxd4 dxe4 8.
Nxe4 Bb4+ 9. Nc3 Bd7 10. Be2 Nf6 11. O-O O-O 12. Bg5 h6 13. Bh4 g5 14. Bg3 Bxc3
15. bxc3 Ne4 16. Qd3 f5 17. Be5 Rc8 18. Rac1 Bc6 19. Qh3 Kh7 20. c4 Nf6 21. Qb3
Nd7 22. Bd6 {Rest nicht nachvollziehbar!} 1/2-1/2

[Event "Sterkrade 2- Datteln"]
[Site "?"]
[Date "2023.02.26"]
[Round "5.8"]
[White "Brock, Sharlena"]
[Black "Buening, Bernd"]
[Result "0-1"]
[WhiteElo "1705"]
[BlackElo "1351"]
[PlyCount "76"]
[SourceDate "2022.10.02"]

1. e4 d5 2. exd5 Qxd5 3. Nc3 Qd8 4. Bc4 Nf6 5. h3 c6 6. d3 h6 7. Be3 Bf5 8. g4
Bg6 9. Nf3 Nbd7 10. Qd2 e6 11. O-O-O b5 12. Bb3 a5 13. a4 Rb8 14. Bf4 Rb7 15.
axb5 cxb5 16. Rhe1 Nc5 17. Ne5 Nxb3+ 18. cxb3 Qc8 19. Nxg6 fxg6 20. Rxe6+ Kf7
21. Re5 b4 22. Kc2 Bc5 23. Qe1 Bd4 24. Rxa5 Re8 25. Qd2 Rbe7 26. Kb1 bxc3 27.
bxc3 Bxc3 28. Qa2 Bxa5 29. b4+ Qe6 30. Qxe6+ Rxe6 31. bxa5 Nd5 32. Bd2 Rb8+ 33.
Ka1 Re2 34. f3 g5 35. d4 Rb3 36. Bc1 Nc3 37. Bb2 Nxd1 38. a6 Rexb2 0-1

[Event "SF Werden 2 - SG Werl-Wickede 1"]
[Site "?"]
[Date "2023.02.26"]
[Round "5"]
[White "Schwarzkopf, Christian"]
[Black "Zaschke, Benjamin"]
[Result "1-0"]
[WhiteElo "2059"]
[BlackElo "1963"]
[PlyCount "54"]
[EventDate "2023.??.??"]
[SourceDate "2022.10.02"]

1. c4 c5 2. g3 g6 3. Bg2 Bg7 4. Nc3 Nc6 5. a3 e6 6. Nf3 Nge7 7. Rb1 d5 8. b4
cxb4 9. axb4 dxc4 10. b5 Ne5 11. Qa4 Nd5 12. Nxe5 Nxc3 13. dxc3 Bxe5 14. O-O
O-O 15. Ba3 Qb6 16. Bxf8 Kxf8 17. Qxc4 Bd7 18. Rfd1 Be8 19. Qb4+ Kg7 20. c4 Bd4
21. e3 Bc5 22. Qc3+ Kg8 23. Qe5 Rc8 24. Qe4 Rb8 25. h4 h5 26. Rd2 Kg7 27. Qe5+
Kg8 1-0

[Event "SF Werden 2 - SG Werl-Wickede 1"]
[Site "?"]
[Date "2023.02.26"]
[Round "5"]
[White "Diesing, Christian"]
[Black "Stolle, Dietmar"]
[Result "1-0"]
[WhiteElo "1912"]
[BlackElo "2021"]
[PlyCount "103"]
[EventDate "2023.??.??"]
[SourceDate "2022.10.02"]

1. c4 e5 2. Nc3 Nc6 3. g3 g6 4. Bg2 Bg7 5. h3 d6 6. e4 Be6 7. d3 Qd7 8. Be3
Nge7 9. Nge2 O-O 10. Qd2 Nd4 11. Bxd4 exd4 12. Nb5 c5 13. b4 a6 14. Na3 Nc6 15.
bxc5 dxc5 16. f4 Rab8 17. Rb1 Nb4 18. Nc2 Nxc2+ 19. Qxc2 Rfc8 20. Rb6 Rc6 21.
Rxc6 Qxc6 22. O-O Qc8 23. g4 f5 24. gxf5 gxf5 25. e5 b5 26. Bd5 Qd7 27. Qb3 Bf8
28. Kh2 Rd8 29. Bxe6+ Qxe6 30. cxb5 Qxb3 31. axb3 axb5 32. Ng3 Ra8 33. Nxf5
Ra2+ 34. Kg3 Kf7 35. Kf3 Ke6 36. Ng3 Kd5 37. Re1 Rd2 38. f5 Rxd3+ 39. Kg4 Re3
40. Rxe3 dxe3 41. e6 c4 42. bxc4+ bxc4 43. Kf4 Bh6+ 44. Kf3 Bg5 45. Nf1 Kd4 46.
Nxe3 c3 47. Nc2+ Ke5 48. Kg4 Kf6 49. h4 Bd2 50. Kf3 h5 51. Ke4 Bh6 52. Nb4 1-0

[Event "SF Werden 2 - SG Werl-Wickede 1"]
[Site "?"]
[Date "2023.02.26"]
[Round "5"]
[White "Huegel, Guido"]
[Black "Bury, Tobias"]
[Result "1/2-1/2"]
[WhiteElo "1761"]
[BlackElo "1886"]
[PlyCount "30"]
[EventDate "2023.??.??"]
[SourceDate "2022.10.02"]

1. e4 c5 2. g3 Nc6 3. Bg2 g6 4. Ne2 Bg7 5. d3 d6 6. c3 e5 7. O-O Nge7 8. Be3
Be6 9. Na3 O-O 10. Qd2 Qd7 11. d4 cxd4 12. cxd4 d5 13. dxe5 dxe4 14. Qxd7 Bxd7
15. Bxe4 Bxe5 1/2-1/2

[Event "SF Werden 2 - SG Werl-Wickede 1"]
[Site "?"]
[Date "2023.02.26"]
[Round "5"]
[White "Blank, Stephan"]
[Black "Scheibe, Andreas"]
[Result "1/2-1/2"]
[WhiteElo "1807"]
[BlackElo "1790"]
[PlyCount "27"]
[EventDate "2023.??.??"]
[SourceDate "2022.10.02"]

1. e4 e6 2. Nc3 d5 3. Nf3 dxe4 4. Nxe4 Nd7 5. Bc4 Ngf6 6. Qe2 Nxe4 7. Qxe4 Nf6
8. Qe2 a6 9. d3 h6 10. Bf4 b5 11. Bb3 Bb7 12. O-O Bd6 13. Bg3 Bxg3 14. fxg3
1/2-1/2

[Event "SF Werden 2 - SG Werl-Wickede 1"]
[Site "?"]
[Date "2023.02.26"]
[Round "5"]
[White "Krahn, Reinhard"]
[Black "Brixius, Dirk"]
[Result "1/2-1/2"]
[WhiteElo "1767"]
[BlackElo "1771"]
[PlyCount "41"]
[EventDate "2023.??.??"]
[SourceDate "2022.10.02"]

1. e4 d5 2. exd5 Qxd5 3. Nc3 Qd6 4. d4 c6 5. Nf3 Nf6 6. a4 Bf5 7. Bd3 Bxd3 8.
Qxd3 Na6 9. O-O Nb4 10. Qe2 e6 11. g3 Be7 12. Ne4 Nxe4 13. Qxe4 Qd5 14. Qe2 Qh5
15. c3 Nd5 16. Re1 O-O 17. a5 a6 18. Bd2 Rac8 19. b4 Nf6 20. Kg2 Qf5 21. Rac1
1/2-1/2

[Event "SF Werden 2 - SG Werl-Wickede 1"]
[Site "?"]
[Date "2023.02.26"]
[Round "5"]
[White "Biermann, Klaus"]
[Black "Hering, Christian"]
[Result "1/2-1/2"]
[WhiteElo "1601"]
[BlackElo "1785"]
[PlyCount "42"]
[EventDate "2023.??.??"]
[SourceDate "2022.10.02"]

1. c4 Nf6 2. Nc3 e5 3. e4 Bc5 4. g3 O-O 5. Bg2 d6 6. h3 Be6 7. d3 c6 8. Nge2 b5
9. cxb5 cxb5 10. O-O Qb6 11. a3 a5 12. Nd5 Nxd5 13. exd5 Bf5 14. Nc3 Nd7 15.
Kh2 Bd4 16. f4 exf4 17. Bxf4 Bg6 18. Qd2 Nc5 19. Rad1 Nxd3 20. Ne4 Nxf4 21.
gxf4 Bxe4 1/2-1/2

[Event "SF Werden 2 - SG Werl-Wickede 1"]
[Site "?"]
[Date "2023.02.26"]
[Round "5"]
[White "Stute, Benedikt"]
[Black "Rother, Josef"]
[Result "1/2-1/2"]
[WhiteElo "1467"]
[BlackElo "1698"]
[PlyCount "49"]
[EventDate "2023.??.??"]
[SourceDate "2022.10.02"]

1. e4 c5 2. Nf3 d6 3. d4 cxd4 4. Nxd4 Nf6 5. Nc3 a6 6. Be2 e6 7. O-O Be7 8. Be3
O-O 9. f4 Qc7 10. f5 e5 11. Nb3 b5 12. a3 Bb7 13. Qd3 Nbd7 14. g4 Nc5 15. Nxc5
dxc5 16. Nd5 Nxd5 17. exd5 c4 18. Qd2 Rad8 19. Bf3 Bc5 20. Rad1 Qb6 21. Rfe1
Rd6 22. Bxc5 Qxc5+ 23. Qe3 Qxe3+ 24. Rxe3 f6 25. Re2 1/2-1/2

[Event "SF Werden 2 - SG Werl-Wickede 1"]
[Site "?"]
[Date "2023.02.26"]
[Round "5"]
[White "Eggebrecht, Jan"]
[Black "Siebert, Michael"]
[Result "1-0"]
[WhiteElo "1736"]
[BlackElo "1488"]
[PlyCount "51"]
[EventDate "2023.??.??"]
[SourceDate "2022.10.02"]

1. c4 Nf6 2. g3 e6 3. Bg2 d5 4. Nf3 Be7 5. O-O O-O 6. d4 b6 7. b3 Bb7 8. Nbd2
Nbd7 9. Bb2 c5 10. e3 Rc8 11. Rc1 h6 12. Ne5 Nxe5 13. dxe5 Nd7 14. Nb1 Qc7 15.
cxd5 exd5 16. Bxd5 Rfd8 17. Bxb7 Qxb7 18. Qe2 f6 19. exf6 Bxf6 20. Bxf6 Nxf6
21. Rfd1 Nd5 22. e4 Re8 23. Qc4 b5 24. Qxd5+ Qxd5 25. exd5 Re2 26. Nc3 1-0

[Event "Unser Fritz- Hamm"]
[Site "?"]
[Date "2023.03.19"]
[Round "6.1"]
[White "Frombach, Ralf"]
[Black "Distelrath, Oliver"]
[Result "1-0"]
[WhiteElo "2199"]
[BlackElo "1913"]
[PlyCount "85"]
[SourceDate "2022.10.02"]

1. d4 Nf6 2. c4 c5 3. d5 b5 4. Nf3 bxc4 5. Nc3 d6 6. e4 g6 7. Bxc4 Bg7 8. e5
dxe5 9. Nxe5 O-O 10. O-O Ba6 11. Bxa6 Nxa6 12. Nc6 Qd7 13. Qe2 Nb4 14. Nxe7+
Kh8 15. Rd1 Rfe8 16. d6 Nc6 17. Bg5 Nxe7 18. dxe7 Qxe7 19. Qxe7 Rxe7 20. Bxf6
Bxf6 21. Nd5 Re6 22. Nc7 Rae8 23. Nxe8 Rxe8 24. Rac1 Bd4 25. b4 Re5 26. Kf1 Kg7
27. Rd3 Rf5 28. f3 h5 29. Rc4 Kf6 30. b5 Rd5 31. Ra3 Rd7 32. Rca4 Rb7 33. Rxa7
Rxb5 34. Rb3 Rxb3 35. axb3 Ke6 36. Ke2 f6 37. Kd3 Bg1 38. Rg7 g5 39. h4 Kf5 40.
hxg5 fxg5 41. Rf7+ Ke6 42. Rh7 h4 43. Ke4 1-0

[Event "Unser Fritz- Hamm"]
[Site "?"]
[Date "2023.03.19"]
[Round "6.2"]
[White "Nowicki, Heiko"]
[Black "Happel, Heiner"]
[Result "0-1"]
[WhiteElo "2064"]
[BlackElo "2220"]
[PlyCount "52"]
[SourceDate "2022.10.02"]

1. e4 c5 2. b4 cxb4 3. a3 bxa3 4. Nxa3 e6 5. Nf3 d5 6. exd5 exd5 7. Bb2 Nf6 8.
Bb5+ Nc6 9. O-O Be7 10. Re1 O-O 11. Be2 Bg4 12. Nb5 Qb6 13. Rb1 a6 14. Nbd4 Qc7
15. h3 Bd7 16. Nxc6 Bxc6 17. Nd4 Rfe8 18. Nf5 Qf4 19. Bd3 Bc5 20. Rxe8+ Rxe8
21. Qf1 Ne4 22. Bxe4 Rxe4 23. Nxg7 Qxd2 24. Nh5 Re2 25. Nf6+ Kf8 26. Ng4 h5 0-1

[Event "Unser Fritz- Hamm"]
[Site "?"]
[Date "2023.03.19"]
[Round "6.3"]
[White "Dargel, Manuel"]
[Black "Rutz, Dirk"]
[Result "1/2-1/2"]
[WhiteElo "2175"]
[BlackElo "2006"]
[PlyCount "117"]
[SourceDate "2022.10.02"]

1. c4 Nf6 2. Nc3 g6 3. g3 Bg7 4. Bg2 O-O 5. d3 c6 6. Bd2 d5 7. Qc1 dxc4 8. dxc4
Qd4 9. Nf3 Qxc4 10. Bh6 Na6 11. h4 Nb4 12. Bxg7 Kxg7 13. b3 Qc5 14. Qb2 Kg8 15.
Rc1 Qb6 16. Na4 Qa5 17. Kf1 Rd8 18. a3 Nbd5 19. Nc5 Qc7 20. e4 b6 21. exd5 bxc5
22. dxc6 Qxc6 23. Ne5 Qb5+ 24. Kg1 Bb7 25. a4 Qa6 26. f3 Qd6 27. Kh2 Nh5 28.
Rhd1 Qxd1 29. Rxd1 Rxd1 30. b4 c4 31. Qc2 Rd4 32. b5 Rc8 33. Qc3 Rd6 34. Bh3
Rc5 35. f4 Nf6 36. Qb4 Rc7 37. Qa5 Ne8 38. Qc3 Bd5 39. a5 f6 40. Ng4 Kg7 41. f5
Bf7 42. fxg6 hxg6 43. Bg2 Rd3 44. Qc1 Rc5 45. Be4 Rh5 46. Bxd3 cxd3 47. Qb1 d2
48. Ne3 Re5 49. Nd1 Nd6 50. b6 axb6 51. axb6 Re1 52. Qc2 Re2+ 53. Kg1 Bd5 54.
g4 Bf3 55. Nc3 Ne4 56. Nxe2 Bxe2 57. b7 d1=Q+ 58. Qxd1 Bxd1 59. b8=Q 1/2-1/2

[Event "Unser Fritz- Hamm"]
[Site "?"]
[Date "2023.03.19"]
[Round "6.4"]
[White "Jungbluth, Michael"]
[Black "Prueß, Wilfried"]
[Result "0-1"]
[WhiteElo "2036"]
[BlackElo "2113"]
[PlyCount "82"]
[SourceDate "2022.10.02"]

1. d4 Nf6 2. c4 e6 3. g3 d5 4. Bg2 Be7 5. Nf3 O-O 6. O-O b6 7. Nc3 Bb7 8. Ne5
Nbd7 9. Bf4 c6 10. Nxd7 Qxd7 11. cxd5 exd5 12. Qa4 Rfd8 13. Rfd1 Qf5 14. f3 c5
15. Be3 Qe6 16. Bf2 Bf8 17. Rd2 cxd4 18. Bxd4 Bc5 19. Rad1 Re8 20. Kf1 h6 21.
b4 Bxd4 22. Rxd4 Rac8 23. Qb3 Qe3 24. R4d3 Qe5 25. a4 a6 26. R1d2 g5 27. Kg1
Ba8 28. Kf1 Rc4 29. Nd1 Qe7 30. b5 a5 31. Re3 Qb4 32. Rxe8+ Nxe8 33. Qxb4 Rxb4
34. Ne3 Rxa4 35. Nxd5 Bxd5 36. Rxd5 Rb4 37. Bh3 Nc7 38. Rd6 Rxb5 39. Rxh6 a4
40. Rc6 a3 41. Rc2 Rb2 0-1

[Event "Unser Fritz- Hamm"]
[Site "?"]
[Date "2023.03.19"]
[Round "6.5"]
[White "Schmidt, Ingo"]
[Black "Rostek, Joerg"]
[Result "1-0"]
[WhiteElo "2017"]
[BlackElo "2185"]
[PlyCount "73"]
[SourceDate "2022.10.02"]

1. e4 c6 2. d4 d5 3. Nc3 dxe4 4. Nxe4 Bf5 5. Ng3 Bg6 6. Nf3 Nd7 7. h4 h6 8. h5
Bh7 9. Bd3 Bxd3 10. Qxd3 e6 11. Bd2 Ngf6 12. O-O-O Qc7 13. Ne4 Nxe4 14. Qxe4
Nf6 15. Qe2 Bd6 16. g3 O-O-O 17. Kb1 Rhe8 18. c4 c5 19. Bc3 a6 20. Rc1 Kb8 21.
Rhd1 Ka8 22. dxc5 Qxc5 23. Bd4 Qf5+ 24. Ka1 Bc7 25. c5 Qe4 26. Qxe4 Nxe4 27.
Bxg7 Rxd1 28. Rxd1 Nxf2 29. Rd7 Bxg3 30. Rxf7 e5 31. Bxh6 e4 32. Nd4 Re5 33.
Rf5 Ng4 34. Bg5 Re8 35. a4 Be5 36. Ne2 Rh8 37. Be7 1-0

[Event "Unser Fritz- Hamm"]
[Site "?"]
[Date "2023.03.19"]
[Round "6.6"]
[White "Tober, Julian"]
[Black "Paduch, Alexander"]
[Result "0-1"]
[WhiteElo "1789"]
[BlackElo "1995"]
[PlyCount "60"]
[SourceDate "2022.10.02"]

1. e4 e6 2. d4 d5 3. Nc3 Bb4 4. e5 c5 5. a3 Bxc3+ 6. bxc3 Ne7 7. f4 b6 8. Nf3
Ba6 9. Be2 Qd7 10. O-O Bxe2 11. Qxe2 c4 12. a4 Nbc6 13. Kh1 h6 14. Be3 O-O-O
15. Rfb1 Na5 16. Bc1 Rdg8 17. Ba3 g5 18. fxg5 hxg5 19. g4 Ng6 20. Bb4 Nf4 21.
Qd2 f5 22. exf6 Qh7 23. Bxa5 Qe4 24. Rf1 Ne2 25. Rf2 Rxh2+ 26. Kxh2 Rh8+ 27.
Kg2 Qxg4+ 28. Kf1 Ng3+ 29. Ke1 Rh1+ 30. Rf1 Rxf1# 0-1

[Event "Unser Fritz- Hamm"]
[Site "?"]
[Date "2023.03.19"]
[Round "6.7"]
[White "Klaus, Michael"]
[Black "Koch, Till"]
[Result "1-0"]
[WhiteElo "1939"]
[BlackElo "1814"]
[PlyCount "79"]
[SourceDate "2022.10.02"]

1. c4 Nf6 2. Nc3 g6 3. Nf3 Bg7 4. g3 O-O 5. Bg2 c5 6. O-O Nc6 7. e3 d6 8. h3
Rb8 9. d4 cxd4 10. exd4 d5 11. b3 Ne4 12. Nxd5 e6 13. Nf4 Nxd4 14. Nxd4 Bxd4
15. Bxe4 Bxa1 16. Ba3 Bf6 17. Bxf8 Qxf8 18. Qf3 Qe7 19. Rd1 b6 20. Bc6 Bb7 21.
Bxb7 Rxb7 22. Re1 Qd7 23. Nxg6 hxg6 24. Qxf6 Qd2 25. Qe5 Rd7 26. Re2 Qc1+ 27.
Kg2 Rd1 28. h4 Rg1+ 29. Kf3 Qd1 30. Kf4 Qd3 31. Kg4 Qd1 32. Kg5 Qd8+ 33. Qf6
Qd6 34. Re4 Rd1 35. h5 gxh5 36. Kxh5 Kf8 37. Rf4 Rh1+ 38. Kg4 Qd1+ 39. f3 Rh7
40. Rd4 1-0

[Event "Unser Fritz- Hamm"]
[Site "?"]
[Date "2023.03.19"]
[Round "6.8"]
[White "Prang, Andreas"]
[Black "Sporkert, Corina"]
[Result "1/2-1/2"]
[WhiteElo "1806"]
[BlackElo "1780"]
[PlyCount "94"]
[SourceDate "2022.10.02"]

1. c4 e5 2. g3 Nf6 3. Bg2 Bc5 4. Nc3 c6 5. e3 O-O 6. Nge2 d5 7. cxd5 cxd5 8. d4
exd4 9. exd4 Bb6 10. Bg5 Be6 11. O-O Nc6 12. h3 h6 13. Be3 Qd7 14. Kh2 Rad8 15.
Na4 Bc7 16. Nc5 Qc8 17. Rc1 Bd6 18. b4 Bxc5 19. Rxc5 Qd7 20. a3 a6 21. Nf4 Qd6
22. Nd3 Ne4 23. Rc1 Bf5 24. Nc5 Nxc5 25. Rxc5 Be6 26. Qd2 Rfe8 27. Rfc1 Rc8 28.
Bf4 Qd7 29. b5 axb5 30. Rb1 Na7 31. Qa5 Rxc5 32. dxc5 Ra8 33. Bf1 Qc8 34. Be3
Bd7 35. Qc3 Bc6 36. Rb4 Qd7 37. Rg4 f5 38. Rh4 Re8 39. Bd3 Nc8 40. Rh5 Rf8 41.
Bd4 Rf7 42. Qc2 Ne7 43. Qe2 Ng6 44. Qf3 Ne7 45. Qe2 Ng6 46. Qf3 Ne7 47. Qe2 Ng6
1/2-1/2

[Event "Bottrop-Katernberg 2"]
[Site "?"]
[Date "2023.03.19"]
[Round "6.1"]
[White "Rosen, Willy"]
[Black "Stadtmann, Jens"]
[Result "0-1"]
[WhiteElo "2100"]
[BlackElo "2215"]
[PlyCount "50"]
[SourceDate "2022.10.02"]

1. e4 e6 2. d4 d5 3. Nc3 Bb4 4. e5 b6 5. Qg4 Bf8 6. Bg5 Qd7 7. h4 h6 8. Bd2 h5
9. Qd1 Ba6 10. Bxa6 Nxa6 11. Qe2 Nb4 12. O-O-O a6 13. Kb1 Ne7 14. f3 Nf5 15.
Be1 c5 16. dxc5 bxc5 17. Bf2 Nc6 18. Qd2 Qb7 19. Re1 Rb8 20. Nd1 g6 21. g4 Nfd4
22. Bxd4 cxd4 23. Qd3 Bb4 24. Re2 Bc3 25. b3 Nb4 0-1

[Event "Bottrop-Katernberg 2"]
[Site "?"]
[Date "2023.03.19"]
[Round "6.2"]
[White "Boehm, Joachim"]
[Black "Struck, Lasse"]
[Result "0-1"]
[WhiteElo "2231"]
[BlackElo "1933"]
[PlyCount "68"]
[SourceDate "2022.10.02"]

1. Nf3 c5 2. c3 Nf6 3. d3 e6 4. e4 Be7 5. Nbd2 O-O 6. Be2 d6 7. O-O b6 8. Re1
Bb7 9. Bf1 Nbd7 10. a3 a6 11. b4 Ne5 12. Bb2 Nfd7 13. d4 Nxf3+ 14. Nxf3 cxd4
15. cxd4 Rc8 16. Bd3 b5 17. Qb3 Nb6 18. Rac1 Qd7 19. h3 Rxc1 20. Rxc1 Rc8 21.
Rc2 Bf6 22. Rxc8+ Qxc8 23. Qc2 Qxc2 24. Bxc2 Nc4 25. Bc1 h6 26. Kf1 Bd8 27. Ke2
Kf8 28. a4 bxa4 29. Kd3 Nb6 30. Bf4 Be7 31. Kc3 Bc6 32. Nd2 Bb5 33. Be3 d5 34.
e5 Nc8 0-1

[Event "Bottrop-Katernberg 2"]
[Site "?"]
[Date "2023.03.19"]
[Round "6.3"]
[White "Krueger, Erich"]
[Black "Ruhmann, Gabriel"]
[Result "1-0"]
[WhiteElo "2127"]
[BlackElo "1744"]
[PlyCount "49"]
[SourceDate "2022.10.02"]

1. d4 g6 2. c4 Bg7 3. e4 d6 4. Nc3 e5 5. dxe5 dxe5 6. Qxd8+ Kxd8 7. f4 Nc6 8.
Nf3 Nb4 9. Kf2 f6 10. fxe5 fxe5 11. Bg5+ Ke8 12. a3 Na6 13. b4 c6 14. Be2 Bg4
15. Rhd1 Bxf3 16. Bxf3 Bh6 17. Bh4 g5 18. Bg3 Bg7 19. Bh5+ Ke7 20. Kg1 Nh6 21.
Bf2 Nc7 22. Bc5+ Kf6 23. Rd7 Ne8 24. Rf1+ Ke6 25. Re7# 1-0

[Event "Bottrop-Katernberg 2"]
[Site "?"]
[Date "2023.03.19"]
[Round "6.4"]
[White "Masberg, Stefan"]
[Black "Gallas, Noel"]
[Result "1/2-1/2"]
[WhiteElo "2099"]
[BlackElo "1893"]
[PlyCount "83"]
[SourceDate "2022.10.02"]

1. e4 e6 2. d4 d5 3. Nc3 Nf6 4. e5 Nfd7 5. Nf3 c5 6. Be3 Nc6 7. Bb5 cxd4 8.
Bxd4 a6 9. Bxc6 bxc6 10. Be3 c5 11. Bf4 Rb8 12. b3 Be7 13. O-O Bb7 14. Re1 Nb6
15. Qe2 Rc8 16. Rab1 Qc7 17. Qd2 h6 18. h3 Qc6 19. Qe2 c4 20. b4 d4 21. b5 axb5
22. Nxb5 Nd5 23. Bd2 c3 24. Bc1 O-O 25. Na7 Qd7 26. Nxc8 Rxc8 27. Nxd4 Nb4 28.
Rd1 Qa4 29. a3 Ba6 30. Qg4 Nxc2 31. Bxh6 Bf8 32. Nxc2 Qxc2 33. Rbc1 Qb2 34. Bg5
Be2 35. Qa4 Bxd1 36. Qxd1 c2 37. Qd7 Qc3 38. Bd2 Qc4 39. Bb4 Qf4 40. Bd2 Qc4
41. Bb4 Qf4 42. Bd2 1/2-1/2

[Event "Bottrop-Katernberg 2"]
[Site "?"]
[Date "2023.03.19"]
[Round "6.5"]
[White "Sauer, Bernd"]
[Black "Gierse, Heinz- Dieter"]
[Result "1-0"]
[WhiteElo "1865"]
[BlackElo "2063"]
[PlyCount "41"]
[SourceDate "2022.10.02"]

1. d4 Nf6 2. c4 g6 3. Nc3 Bg7 4. e4 d6 5. f4 c5 6. d5 O-O 7. Be2 e6 8. Nf3 exd5
9. cxd5 Re8 10. Nd2 Bd7 11. a4 Na6 12. O-O Nb4 13. Bf3 a6 14. Nc4 Qc7 15. e5
Nh5 16. Nxd6 Rxe5 17. fxe5 Bxe5 18. Bxh5 gxh5 19. Nxf7 Bxh2+ 20. Kh1 Qg3 21.
Qxh5 1-0

[Event "Bottrop-Katernberg 2"]
[Site "?"]
[Date "2023.03.19"]
[Round "6.6"]
[White "Nowacki, Marcus"]
[Black "Blome, Simon"]
[Result "0-1"]
[WhiteElo "1803"]
[BlackElo "1913"]
[PlyCount "52"]
[SourceDate "2022.10.02"]

1. Nf3 Nf6 2. b3 d5 3. Bb2 Bf5 4. e3 h6 5. c4 e6 6. Nc3 c6 7. d4 Nbd7 8. Bd3
Bxd3 9. Qxd3 Bd6 10. cxd5 exd5 11. O-O O-O 12. Qf5 Qe7 13. Rfe1 Rfe8 14. Nd2
Qe6 15. Qd3 Qg4 16. h3 Qh5 17. e4 dxe4 18. Ndxe4 Bc7 19. Re2 Rad8 20. Rae1 Nxe4
21. Nxe4 f5 22. Qc4+ Kh7 23. Nc5 Rxe2 24. Rxe2 Nxc5 25. g4 Qxh3 26. Re7 Bh2+
0-1